LEADER 00605nam a2200181 i 4500 001 000000213630 003 CaOOAMICUS 005 20120531000000.0 008 120531s1846 it u000 u ita u 013 $a192485 040 $aSeMil$bita 245 10$aVol. 4. 300 $a515 p. 773 0 $aEuripides <485-406 a.C.>$tTragedie di Euripide.$dMilano : Giovanni Resnati, 1844-1851.$g4$w()26857 850 $aSeMil 852 $aSeMil$W1$xVenegono$y1$m1Z V 229 FA$j164058$B164058$CSeMilBibl$Z2$F175096 $8I 961 $aOmaggio: Biblioteca Seminario Liceale 996 $6245$aVol. 4$9(OLS)http://semarc/title/108694 LEADER 00770nam a2200181 i 4500 001 000000054607 003 CaOOAMICUS 005 19970526000000.0 008 970526n it u000 u ita u 013 $a25779 040 $aSeMil$bita 100 1 $aCorradini, Amabilis.$0(OLS)http://semarc/name/27233 245 12$aL'Aquila :$bgli avvenimenti del 1860-61 e l'Arcivescovo Filippi. [S.l : s.n., Imprim. 1967]. 650 4$aL'Aquila.$0(OLS)http://semarc/subject/11198 650 4$aTesi di laurea.$0(OLS)http://semarc/subject/1690 850 $aSeMil 852 $aSeMil$W1$xVenegono$y1$m2I II 27$j20761$B20761$CSeMilBibl$Z2$F20763 $81 996 $6245$aL'Aquila :$bgli avvenimenti del 1860-61 e l'Arcivescovo Filippi. [S.l : s.n., Imprim. 1967].$9(OLS)http://semarc/title/84558